Los medios de comunicación: diversidad con desafíos /
Analiza lo ocurrido en Costa Rica en la década de 1980 en el campo de los medios de comunicación; se explica que ello no se puede desligar de lo sucedido a nivel internacional puesto que se encuentra interrelacionado. Dicha interrelación es mucho más fluída, enriquecedora e innovadora cuando el marc...
Na minha lista:
| Autor principal: | |
|---|---|
| Formato: | Texto |
| Idioma: | Spanish |
| Assuntos: | |
| Tags: |
Adicionar Tag
Sem tags, seja o primeiro a adicionar uma tag!
|
MARC
| LEADER | 00000 a a2200000 04500 | ||
|---|---|---|---|
| 001 | 40954 | ||
| 003 | cru CIDCACS/IIS | ||
| 005 | 20231207171351.0 | ||
| 008 | 231207b1992 cr ||||| |||| 00| 0 spa d | ||
| 020 | |a 9977-956-34-0 | ||
| 040 | |a cru CIDCACS/IIS |c cru CIDCACS/IIS | ||
| 100 | |a Ulibarri Bilbao, Eduardo | ||
| 245 | |a Los medios de comunicación: |b diversidad con desafíos / |c Eduardo Ulibarri Bilbao | ||
| 300 | |a páginas 251-262 | ||
| 520 | |a Analiza lo ocurrido en Costa Rica en la década de 1980 en el campo de los medios de comunicación; se explica que ello no se puede desligar de lo sucedido a nivel internacional puesto que se encuentra interrelacionado. Dicha interrelación es mucho más fluída, enriquecedora e innovadora cuando el marco institucional en el que se desarrollan los medios está definido por el signo de la democracia y cuando están organizados en su mayoría, como empresas comerciales, que no pueden desligarse de sus receptores y deben de pugnar por su adaptación a públicos y mercados cambiantes. Tal es el caso de costa Rica y al analizar el desarrollo de los medios de comunicación en general y de la prensa en particular en la década de 1980, es importante ahondar en dos tipos de variables fundamentales. Por una parte las que se desarrollan de forma independiente de los medios, o como respuesta social a sus acciones. En su conjunto constituyen el marco o ambiente en que éstos deben de trabajar. Por otra parte, las que sí están vinculadas de forma directa a los medios, son definidas y controladas en gran medida por quienes intervienen en la toma de decisiones profesionales o empresariales, algunas veces por convicción o rutinas propias; otras, como respuesta a las percepciones que se tienen sobre los cambios que se producen en la sociedad. Ambos tipos de variables se mezclan constantemente y en ocasiones resulta difícil identificar con claridad, los cambios que se produjeron en Costa Rica en el decenio de 1980. OB/LOB | ||
| 650 | |a MEDIOS DE COMUNICACION/ | ||
| 650 | |a CAMBIO SOCIAL | ||
| 650 | |a VALORES CULTURALES | ||
| 650 | |a SISTEMAS POLITICOS | ||
| 650 | |a DEMOCRACIA/IDEOLOGIAS | ||
| 650 | |a GRUPOS DE INTERES | ||
| 650 | |a PRENSA/RADIO | ||
| 650 | |a TELEVISION | ||
| 650 | |a INVESTIGACION SOCIAL | ||
| 650 | |a INDUSTRIA DE LA CULTURA | ||
| 773 | |g páginas 251-262 |o 03.02.02 V728n |t El nuevo rostro de Costa Rica | ||
| 942 | |2 z |c LI | ||
| 999 | |c 19837 |d 19837 | ||
| 773 | 0 | |0 10982 |9 2932 |a Villasuso Estomba, Juan Manuel |d Heredia: CEDAL, |o 12209 |t El Nuevo rostro de Costa Rica / |w ()3701 |z [sin ISBN] | |



